| 000 | 00695nam a22002417a 4500 | ||
|---|---|---|---|
| 003 | OSt | ||
| 005 | 20160805061521.0 | ||
| 008 | 160805b xxu||||| |||| 00| 0 eng d | ||
| 040 | _cRCAA | ||
| 082 |
_a324.7 _bD985i 1982 |
||
| 100 | _aDuverger, Maurice | ||
| 245 |
_aInstituciones políticas y derecho constitucional _cMaurice Duverger ; Pablo Lucas Verdú, prologuista ; Jorge Solé-Tura, editor |
||
| 250 | _a11va edición | ||
| 260 |
_aBarcelona : _bAriel, _c1982 |
||
| 300 | _a638 páginas | ||
| 650 | _aPolítica | ||
| 650 | _aDemocracia | ||
| 650 | _aLiberalismo | ||
| 650 | _aTotalitarismo | ||
| 650 | _aFascismo | ||
| 651 | _aEspaña -- Política y gobierno | ||
| 942 |
_2ddc _cBK |
||
| 999 |
_c726 _d726 |
||